000 00811nam a22002657a 4500
003 OSt
005 20240530110425.0
008 150323s2012 ua ap f 000 0 eng d
020 _a9781844487196
040 _aEG-CaGPL
_cEG-CaGPL
082 0 4 _221
_a746.44\
_bB S
245 0 4 _aThe Stitching Book :
_bThe All-you-need-to-know Guide to Surface Stitching /
_c Patricia Bage, Jill Carter, Ruth Chamberlin
260 _aTunbridge Wells, Kent [England]
_bSearch Press,
_c2012
300 _a272 p. :
_bill. ;
_c28 cm
650 0 _aEmbroidery.
650 0 _aStitches (Sewing)
700 1 _aBage, Patricia.,
700 1 _aWilkins, Lesley.
700 1 _aTrott, Pat.,
700 1 _aRainbow, Jane.,
700 1 _aHanham, Clare.,
700 1 _aCarter, Jill-,
700 1 _aDennis, Kay.,
942 _2ddc
_cBK
999 _c60739
_d60739